000
00297nam a22001337a 4500
008
260312b |||||||| |||| 00| 0 eng d
020
_a
9789390777594
040
_a
30
100
_a
SINGH,M.
245
_a
RACHNA SHAREER-1
260
_a
VARANSHI
_b
CHAUKHAMBA
_c
2023
300
_a
556
942
_c
01
999
_c
67190
_d
67190